| 000 | 02820nam0a2200409 4500 | ||
|---|---|---|---|
| 001 | RU\NLR\BIBL_A\022633932 | ||
| 005 | 20260420054200.0 | ||
| 010 |
_a978-5-98424-304-9 _9400 |
||
| 021 |
_aRU _bАЛ-П-25-00737и _9АЛ-П-25-0152 |
||
| 035 | _a(NLR Aleph) 022633932 | ||
| 090 |
_a13684918 _c13684918 |
||
| 100 | _a20251001d2023 u y0rusy50 ca | ||
| 101 | 0 | _arus | |
| 102 | _aRU | ||
| 105 | _aach z 000yy | ||
| 181 | 0 |
_ab3 _bxb2e |
|
| 181 | 0 |
_ai2 _baxxe |
|
| 182 | 0 | _an | |
| 200 | 1 |
_aКонтраст _eграфика волгоградских художников в собрании Волгоградского музея изобразительных искусств им. И. И. Машкова _e[в рамках культурно-просветительского проекта "Контраст: графика Волгограда" _fОльга Петровна Малкова, кандидат искусствоведения, Анна Викторовна Филимонова, доцент, кандидат педагогических наук, профессор, Любовь Аркадьевна Яхонтова, искусствовед _gответственный редактор и составитель: О. П. Малкова _fВолгоградский музей изобразительных искусств им. И. И. Машкова, Фонд "Новый музей"] |
|
| 203 |
_aИзображение _aТекст _bвизуальные _cнепосредственные |
||
| 210 |
_aВолгоград _cПринТерра-Дизайн _d2023 |
||
| 215 |
_a207 с. _cил., цв. ил., портр., факс. _d29 |
||
| 300 | _aАвт. указаны над вып. дан. | ||
| 320 | _aБиблиогр. в подстроч. примеч. | ||
| 601 | 0 | 2 |
_aВолгоградский музей изобразительных искусств им. И.И. Машкова _xКоллекция графики _92685206 _3RU\NLR\AUTH\6601762329 |
| 606 | 1 |
_aГрафика русская _yВолгоград, город _z20 - 21 вв. _92685207 _3RU\NLR\AUTH\6601762330 |
|
| 686 | 1 | _aЩ153(2Р=Рус)7-692Волгоград, город л61 | |
| 686 | 1 | _aЩ101.3(2Р)-2Волгоград2Музей изобразительных искусств л61 | |
| 700 | 1 |
_aМалкова _bО. П. _gОльга Петровна |
|
| 701 | 1 |
_aФилимонова _bА. В. _gАнна Викторовна |
|
| 701 | 1 |
_aЯхонтова _bЛ. А. _gЛюбовь Аркадьевна |
|
| 711 | 0 | 2 |
_aВолгоградский музей изобразительных искусств им. И. И. Машкова _9609588 _3RU\NLR\AUTH\8810054539 |
| 942 | _cBOOK | ||
| 980 | _aNB | ||